000 00294nam a2200109Ia 4500
008 220204s9999 xx 000 0 und d
082 _bRUB;1
245 0 _aDirectory of rubber goods manufacturers in India 2003-2004
250 _aRev Ed.6
260 _aKottayam
_bRubber Board
_c2004
942 _cBK
999 _c44121
_d44121